000 00693nam a2200289Ia 4500
005 20260324133155.0
008 008 260324s9999 xx 000 0 eng d
020 _a9780203494851
037 _aEBOOK
040 _aCRL
040 _beng
040 _cCRL
041 _2eng
041 _aeng
084 _qCRL
100 _aThomas Fahy; Kimball King
_91192069
245 0 _aCaptive Audience
245 0 _bPrison and Captivity in Contemporary Theatre
260 _bTaylor and Francis
260 _c2003
365 _a
365 _b65.99
856 _uhttp://www.taylorfrancis.com/books/9780203494851
942 _cEBOOK
999 _c1790886
_d1790886